| 000 | 01085cam a22003257a 4500 | ||
|---|---|---|---|
| 005 | 20220817043023.0 | ||
| 008 | 971010s1975 r 00010 d | ||
| 010 | _a62975 | ||
| 011 | _a63947 | ||
| 035 | _a68810 | ||
| 082 |
_a633.34 _bF2 |
||
| 110 | _aFAO | ||
| 245 | 0 | _aTecnologías de la producción de harinas comestibles y productos proteínicos a partir de la soja | |
| 260 |
_aRoma : _bFAO, _c1975 |
||
| 300 |
_a159 p. _b: ilus. |
||
| 410 | _aFAO | ||
| 490 | 0 |
_aFAO. Servicios agrícolas _v; 11 |
|
| 590 |
_aBATCH-UPD _b10 _c20130110 _lUCH01 _h0123 |
||
| 590 |
_aBATCH-UPD _b10 _c20130110 _lUCH01 _h1051 |
||
| 590 |
_aBATCH-UPD _b10 _c20130410 _lUCH01 _h0648 |
||
| 590 |
_aBATCH-UPD _b10 _c20130914 _lUCH01 _h1343 |
||
| 590 |
_aCONVERSION _b10 _c20130109 _lUCH01 _h1334 |
||
| 650 | 1 | 4 |
_aHarina de soya. _952729 |
| 650 | 1 | 4 |
_aSoya _xValor nutritivo. _9109095 |
| 810 | 0 | _aFAO | |
| 830 | 0 | 0 |
_aFAO. Servicios agrícolas _v; 11 _939697 |
| 901 | _aBK | ||
| 949 |
_a633.34 F2 _bZA _cLIBRO _d-46502 _eLIBRO _fc.2 _h5322 _i68810 _si |
||
| 949 |
_a633.34 F2 _bZA _cLIBRO _d-966 _eLIBRO _h5321 _i68810 _si |
||
| 999 |
_c62975 _d62975 |
||